Superstudent jak se stát vynikajícím studentem

Podrobná bibliografia
Hlavný autor: Thakore, Abhishek (Autor)
Ďalší autori: Tkadlecová, Kamila (Prekladateľ)
Médium: Kniha
Jazyk:čeština
angličtina
Fyzický popis:144 s. fareb. ilustr. 21 cm
Vydavateľské údaje: Praha Ekopress 2008
ISBN:9788086929385
Vydanie:1. vyd.
Predmet:

MARC

LEADER 00000cam a2200000 a 4500
001 vtls009324685
003 SK-MaSNL
005 20260302043322.0
008 240318s2008 xr a g f 000 0 cze
020 |a 9788086929385  |q (brož.) 
040 |a SNK  |b slo  |c SNK  |e AACR2 
041 1 |a cze  |h eng 
044 |a xr  |c CZ 
072 7 |a 37  |x Výchova a vzdelávanie  |2 konspekt 
080 |a 159.953.5  |2 2001 
080 |a 371.3  |2 2001 
080 |a 37.011.3-052  |2 2001 
080 |a (035)  |2 2001 
100 1 |a Thakore, Abhishek  |4 aut  |9 697329 
240 1 4 |a The portrait of a superstudent  |l Česky 
245 1 0 |a Superstudent  |b jak se stát vynikajícím studentem  |c Abhishek Thakore ; [překlad Kamila Tkadlecová] 
250 |a 1. vyd. 
260 |a Praha  |b Ekopress  |c 2008 
300 |a 144 s.  |b fareb. ilustr.  |c 21 cm 
500 |a Prel. z angl. 
650 0 7 |a štúdium a výučba  |2 SNKPH  |9 3982 
650 0 7 |a Learning  |2 SNKPHeng  |9 302872 
650 0 7 |a učenie  |2 SNKPH  |9 3884 
650 0 7 |a študenti  |2 SNKPH  |9 3979 
650 0 7 |a Study and teaching  |2 SNKPHeng  |9 265408 
650 0 7 |a Students  |2 SNKPHeng  |9 270855 
655 7 |a príručky  |2 SNKPH  |9 74364 
655 7 |a Handbooks, manuals, etc.  |2 SNKPHeng  |9 90964 
700 1 |a Tkadlecová, Kamila  |4 trl  |9 697330 
919 |a 978-80-86929-38-5 
999 |c 1086172  |d 1088102 
952 |t snkTHA 371.3  |a SNKUST  |b SNKUST  |y PREZ  |7 0  |p 17A0669661  |o snkIC 138997  |i snk2010/18527  |8 4  |g 7.47  |0 0  |1 0  |4 0  |d 2009-12-11  |l 0  |r 2025-03-20 00:00:00  |w 2026-02-24